000 00823nas a2200265 4500
001 BR0203697
003 BR-BrBNA
005 20231205103123.0
007 ta
008 230509b bl.|||p| |||| 00| 00por d
040 _aBR-BrBNA
_bpor
_cBiblioteca Nacional de Agricultura
041 _a(Pt)
072 _aF04
100 1 _aSilva, R.M. da
100 1 _aBruno, G.B.
100 1 _aLima, E.D.P. de A.
100 1 _aLima, C.A. de A.
245 1 _aEfeito de diferentes fontes de matéria orgância na cultura do tomateiro (Lycopersicon esculentum Mill.)
650 _aTOMATE
650 _aMATÉRIA ORGÂNICA
650 _aADUBAÇÃO
773 0 _tAgropecuária Técnica (Brazil)
_xISSN 0100-7467
_g(Jan-Dec 1989), v. 10(1-2) p. 36-47
_wBR0203697
909 _a202311
_bLúcia
_c55
_dLúcia Elande
942 _2AGRIS
_n0
_cANA
999 _c171188
_d171188